<?xml version="1.0" encoding="UTF-8"?>
<record
    xmlns:xsi="http://www.w3.org/2001/XMLSchema-instance"
    xsi:schemaLocation="http://www.loc.gov/MARC21/slim http://www.loc.gov/standards/marcxml/schema/MARC21slim.xsd"
    xmlns="http://www.loc.gov/MARC21/slim">

  <leader>04912nam a22003497a 4500</leader>
  <controlfield tag="003">NALT</controlfield>
  <controlfield tag="005">20250909092503.0</controlfield>
  <controlfield tag="008">200722b        th ||||| |||| 00| 0 tha d</controlfield>
  <datafield tag="020" ind1=" " ind2=" ">
    <subfield code="a">9786167801148</subfield>
  </datafield>
  <datafield tag="040" ind1=" " ind2=" ">
    <subfield code="a">NALT</subfield>
  </datafield>
  <datafield tag="050" ind1=" " ind2=" ">
    <subfield code="a">HM 1041</subfield>
    <subfield code="b">&#xE0A;892&#xE01; 2562</subfield>
  </datafield>
  <datafield tag="100" ind1="0" ind2=" ">
    <subfield code="a">&#xE44;&#xE0A;&#xE22;&#xE23;&#xE31;&#xE15;&#xE19;&#xE4C; &#xE40;&#xE08;&#xE23;&#xE34;&#xE0D;&#xE2A;&#xE34;&#xE19;&#xE42;&#xE2D;&#xE2C;&#xE32;&#xE23;.</subfield>
    <subfield code="9">20768</subfield>
  </datafield>
  <datafield tag="245" ind1="1" ind2="0">
    <subfield code="a">&#xE01;&#xE32;&#xE23;&#xE2A;&#xE23;&#xE49;&#xE32;&#xE07;&#xE01;&#xE32;&#xE23;&#xE23;&#xE31;&#xE1A;&#xE23;&#xE39;&#xE49;&#xE43;&#xE19;&#xE2A;&#xE31;&#xE07;&#xE04;&#xE21;&#xE44;&#xE17;&#xE22; &#xE40;&#xE25;&#xE48;&#xE21; 1 : </subfield>
    <subfield code="b">&#xE40;&#xE23;&#xE37;&#xE48;&#xE2D;&#xE07;&#xE40;&#xE25;&#xE48;&#xE32; /</subfield>
    <subfield code="c">&#xE44;&#xE0A;&#xE22;&#xE23;&#xE31;&#xE15;&#xE19;&#xE4C; &#xE40;&#xE08;&#xE23;&#xE34;&#xE0D;&#xE2A;&#xE34;&#xE19;&#xE42;&#xE2D;&#xE2C;&#xE32;&#xE23;, &#xE27;&#xE23;&#xE40;&#xE17;&#xE1E; &#xE27;&#xE48;&#xE2D;&#xE07;&#xE2A;&#xE23;&#xE23;&#xE1E;&#xE01;&#xE32;&#xE23;, &#xE01;&#xE38;&#xE25;&#xE0A;&#xE32;&#xE15;&#xE34; &#xE17;&#xE31;&#xE01;&#xE29;&#xE44;&#xE1E;&#xE1A;&#xE39;&#xE25;&#xE22;&#xE4C;, &#xE0A;&#xE38;&#xE15;&#xE34;&#xE21;&#xE32; &#xE1B;&#xE23;&#xE30;&#xE01;&#xE32;&#xE28;&#xE27;&#xE38;&#xE12;&#xE34;&#xE2A;&#xE32;&#xE23;, &#xE1A;&#xE31;&#xE13;&#xE11;&#xE34;&#xE15; &#xE08;&#xE31;&#xE19;&#xE17;&#xE23;&#xE4C;&#xE42;&#xE23;&#xE08;&#xE19;&#xE01;&#xE34;&#xE08;, &#xE01;&#xE35;&#xE23;&#xE15;&#xE34; &#xE0A;&#xE37;&#xE48;&#xE19;&#xE1E;&#xE34;&#xE17;&#xE22;&#xE32;&#xE18;&#xE23;, &#xE01;&#xE21;&#xE25;&#xE27;&#xE23;&#xE23;&#xE13; &#xE0A;&#xE37;&#xE48;&#xE19;&#xE0A;&#xE39;&#xE43;&#xE08;.</subfield>
  </datafield>
  <datafield tag="246" ind1="3" ind2="1">
    <subfield code="a">The Construction of the Thai mind volume 1 : </subfield>
    <subfield code="b">narratives.</subfield>
  </datafield>
  <datafield tag="250" ind1=" " ind2=" ">
    <subfield code="a">&#xE1E;&#xE34;&#xE21;&#xE1E;&#xE4C;&#xE04;&#xE23;&#xE31;&#xE49;&#xE07;&#xE41;&#xE23;&#xE01;.</subfield>
  </datafield>
  <datafield tag="260" ind1=" " ind2=" ">
    <subfield code="a">&#xE01;&#xE23;&#xE38;&#xE07;&#xE40;&#xE17;&#xE1E;&#xE2F; :</subfield>
    <subfield code="b">&#xE2A;&#xE33;&#xE19;&#xE31;&#xE01;&#xE07;&#xE32;&#xE19;&#xE01;&#xE2D;&#xE07;&#xE17;&#xE38;&#xE19;&#xE2A;&#xE19;&#xE31;&#xE1A;&#xE2A;&#xE19;&#xE38;&#xE19;&#xE19;&#xE01;&#xE32;&#xE23;&#xE27;&#xE34;&#xE08;&#xE31;&#xE22; (&#xE2A;&#xE01;&#xE27;.),</subfield>
    <subfield code="c">2562.</subfield>
  </datafield>
  <datafield tag="300" ind1=" " ind2=" ">
    <subfield code="a">368 &#xE2B;&#xE19;&#xE49;&#xE32; :</subfield>
    <subfield code="b">&#xE20;&#xE32;&#xE1E;&#xE1B;&#xE23;&#xE30;&#xE01;&#xE2D;&#xE1A; ;</subfield>
    <subfield code="c">21 &#xE0B;&#xE21;.</subfield>
  </datafield>
  <datafield tag="505" ind1="2" ind2=" ">
    <subfield code="a">1. &#xE1A;&#xE17;&#xE19;&#xE33; : &#xE01;&#xE32;&#xE23;&#xE2A;&#xE23;&#xE49;&#xE32;&#xE07;&#xE01;&#xE32;&#xE23;&#xE23;&#xE31;&#xE1A;&#xE23;&#xE39;&#xE49;&#xE43;&#xE19;&#xE2A;&#xE31;&#xE07;&#xE04;&#xE21;&#xE44;&#xE17;&#xE22; : &#xE40;&#xE23;&#xE37;&#xE48;&#xE2D;&#xE07;&#xE40;&#xE25;&#xE48;&#xE32; (Introduction : The Construction of the Thai Mind : Narratives) / &#xE44;&#xE0A;&#xE22;&#xE23;&#xE31;&#xE15;&#xE19;&#xE4C; &#xE40;&#xE08;&#xE23;&#xE34;&#xE0D;&#xE2A;&#xE34;&#xE19;&#xE42;&#xE2D;&#xE2C;&#xE32;&#xE23; -- 2. &#xE27;&#xE32;&#xE17;&#xE01;&#xE23;&#xE23;&#xE21;&#xE04;&#xE27;&#xE32;&#xE21;&#xE40;&#xE1B;&#xE47;&#xE19;&#xE44;&#xE17;&#xE22;&#xE01;&#xE31;&#xE1A;&#xE01;&#xE32;&#xE23;&#xE04;&#xE27;&#xE1A;&#xE04;&#xE38;&#xE21;&#xE17;&#xE32;&#xE07;&#xE2A;&#xE31;&#xE07;&#xE04;&#xE21; (Discourse of Thainess and Social Control) / &#xE27;&#xE23;&#xE40;&#xE17;&#xE1E; &#xE27;&#xE48;&#xE2D;&#xE07;&#xE2A;&#xE23;&#xE23;&#xE1E;&#xE01;&#xE32;&#xE23; -- 3. &#xE21;&#xE47;&#xE2D;&#xE1A;&#xE15;&#xE49;&#xE32;&#xE19;&#xE42;&#xE01;&#xE07; : &#xE2A;&#xE33;&#xE19;&#xE36;&#xE01;&#xE17;&#xE32;&#xE07;&#xE01;&#xE32;&#xE23;&#xE40;&#xE21;&#xE37;&#xE2D;&#xE07;&#xE40;&#xE23;&#xE37;&#xE48;&#xE2D;&#xE07;&#xE04;&#xE2D;&#xE23;&#xE4C;&#xE23;&#xE31;&#xE1B;&#xE0A;&#xE31;&#xE19;&#xE02;&#xE2D;&#xE07;&#xE02;&#xE1A;&#xE27;&#xE19;&#xE01;&#xE32;&#xE23;&#xE40;&#xE04;&#xE25;&#xE37;&#xE48;&#xE2D;&#xE19;&#xE44;&#xE2B;&#xE27;&#xE17;&#xE32;&#xE07;&#xE01;&#xE32;&#xE23;&#xE40;&#xE21;&#xE37;&#xE2D;&#xE07;&#xE2D;&#xE19;&#xE38;&#xE23;&#xE31;&#xE01;&#xE29;&#xE19;&#xE34;&#xE22;&#xE21;&#xE23;&#xE48;&#xE27;&#xE21;&#xE2A;&#xE21;&#xE31;&#xE22; (Anti-Corruption Demonstration : The Anti-Corruption Awareness of the Contemporary Conservative Political Movement) / &#xE01;&#xE38;&#xE25;&#xE0A;&#xE32;&#xE15;&#xE34; &#xE17;&#xE31;&#xE01;&#xE29;&#xE44;&#xE1E;&#xE1A;&#xE39;&#xE25;&#xE22;&#xE4C; -- 4. &#xE08;&#xE34;&#xE19;&#xE15;&#xE20;&#xE32;&#xE1E;&#xE02;&#xE2D;&#xE07;&#xE01;&#xE32;&#xE23;&#xE2A;&#xE39;&#xE0D;&#xE40;&#xE2A;&#xE35;&#xE22;&#xE01;&#xE31;&#xE1A;&#xE01;&#xE32;&#xE23;&#xE2A;&#xE23;&#xE49;&#xE32;&#xE07;&#xE0A;&#xE38;&#xE21;&#xE0A;&#xE19;&#xE41;&#xE1A;&#xE1A;&#xE41;&#xE2D;&#xE1F;&#xE40;&#xE1F;&#xE47;&#xE04;&#xE17;&#xE4C; : &#xE01;&#xE23;&#xE13;&#xE35;&#xE28;&#xE36;&#xE01;&#xE29;&#xE32;&#xE17;&#xE27;&#xE34;&#xE20;&#xE1E;&#xE02;&#xE2D;&#xE07;&#xE17;&#xE21;&#xE22;&#xE31;&#xE19;&#xE15;&#xE35;&#xE41;&#xE25;&#xE30;&#xE01;&#xE25;&#xE38;&#xE48;&#xE21;&#xE1E;&#xE31;&#xE19;&#xE18;&#xE21;&#xE34;&#xE15;&#xE23;&#xE2F; &#xE01;&#xE39;&#xE49;&#xE0A;&#xE32;&#xE15;&#xE34; (Imaginary Loss and the Formation of Affective Communities : A Study of Thawipop by Thommayantee and the People's Alliance for Democracy [PAD]) / &#xE0A;&#xE38;&#xE15;&#xE34;&#xE21;&#xE32; &#xE1B;&#xE23;&#xE30;&#xE01;&#xE32;&#xE28;&#xE27;&#xE38;&#xE12;&#xE34;&#xE2A;&#xE32;&#xE23; -- 5. &#xE01;&#xE32;&#xE23;&#xE2A;&#xE23;&#xE49;&#xE32;&#xE07;&#xE04;&#xE27;&#xE32;&#xE21;&#xE23;&#xE31;&#xE1A;&#xE23;&#xE39;&#xE49;&#xE04;&#xE27;&#xE32;&#xE21;&#xE40;&#xE1B;&#xE47;&#xE19;&#xE44;&#xE17;&#xE22;&#xE41;&#xE25;&#xE30;&#xE01;&#xE32;&#xE23;&#xE40;&#xE21;&#xE37;&#xE2D;&#xE07;&#xE43;&#xE19;&#xE28;&#xE34;&#xE25;&#xE1B;&#xE30;&#xE23;&#xE48;&#xE27;&#xE21;&#xE2A;&#xE21;&#xE31;&#xE22;&#xE02;&#xE2D;&#xE07;&#xE44;&#xE17;&#xE22; : &#xE28;&#xE34;&#xE25;&#xE1B;&#xE30;&#xE01;&#xE31;&#xE1A;&#xE01;&#xE32;&#xE23;&#xE40;&#xE21;&#xE37;&#xE2D;&#xE07;&#xE17;&#xE35;&#xE48;&#xE44;&#xE23;&#xE49;&#xE1D;&#xE48;&#xE32;&#xE22;&#xE01;&#xE49;&#xE32;&#xE27;&#xE2B;&#xE19;&#xE49;&#xE32; (The Constructing Perception of Thainess in Thai Contemporary Art : Art and Politics without the Avant-garde) / &#xE1A;&#xE31;&#xE13;&#xE11;&#xE34;&#xE15; &#xE08;&#xE31;&#xE19;&#xE17;&#xE23;&#xE4C;&#xE42;&#xE23;&#xE08;&#xE19;&#xE01;&#xE34;&#xE08; -- 6. &#xE08;&#xE32;&#xE01; "&#xE27;&#xE31;&#xE19;&#xE17;&#xE33;&#xE04;&#xE27;&#xE32;&#xE21;&#xE2A;&#xE30;&#xE2D;&#xE32;&#xE14;&#xE04;&#xE23;&#xE31;&#xE49;&#xE07;&#xE43;&#xE2B;&#xE0D;&#xE48;" &#xE2A;&#xE39;&#xE48; "&#xE1B;&#xE0F;&#xE34;&#xE1A;&#xE31;&#xE15;&#xE34;&#xE01;&#xE32;&#xE23;&#xE1B;&#xE34;&#xE14;&#xE01;&#xE23;&#xE38;&#xE07;&#xE40;&#xE17;&#xE1E;&#xE2F;" &#xE40;&#xE23;&#xE37;&#xE48;&#xE2D;&#xE07;&#xE40;&#xE25;&#xE48;&#xE32;&#xE41;&#xE25;&#xE30;&#xE01;&#xE32;&#xE23;&#xE40;&#xE04;&#xE25;&#xE37;&#xE48;&#xE2D;&#xE19;&#xE44;&#xE2B;&#xE27;&#xE17;&#xE32;&#xE07;&#xE01;&#xE32;&#xE23;&#xE40;&#xE21;&#xE37;&#xE2D;&#xE07;&#xE02;&#xE2D;&#xE07;&#xE01;&#xE25;&#xE38;&#xE48;&#xE21; &#xE01;&#xE1B;&#xE1B;&#xE2A;., &#xE1E;.&#xE28;. 2556-2557 (From "Big Cleaning Day" to "Shut Down Bangkok" : Narratives and the Constitution of the PDRC Movement in Contemporary Thailand) / &#xE01;&#xE35;&#xE23;&#xE15;&#xE34; &#xE0A;&#xE37;&#xE48;&#xE19;&#xE1E;&#xE34;&#xE17;&#xE22;&#xE32;&#xE18;&#xE23; -- 7. &#xE01;&#xE0E;&#xE2B;&#xE21;&#xE32;&#xE22;&#xE2D;&#xE32;&#xE0D;&#xE32;&#xE21;&#xE32;&#xE15;&#xE23;&#xE32; 112 : (&#xE2D;&#xE32;&#xE0A;&#xE0D;&#xE32;&#xE01;&#xE23;&#xE23;&#xE21;) &#xE01;&#xE32;&#xE23;&#xE40;&#xE21;&#xE37;&#xE2D;&#xE07;&#xE40;&#xE23;&#xE37;&#xE48;&#xE2D;&#xE07; "&#xE04;&#xE27;&#xE32;&#xE21;&#xE44;&#xE21;&#xE48;&#xE08;&#xE07;&#xE23;&#xE31;&#xE01;&#xE20;&#xE31;&#xE01;&#xE14;&#xE35;" (The Section 112 of the Thai Criminal Code : The Political Crime of "Disloyalty") / &#xE01;&#xE21;&#xE25;&#xE27;&#xE23;&#xE23;&#xE13; &#xE0A;&#xE37;&#xE48;&#xE19;&#xE0A;&#xE39;&#xE43;&#xE08;.</subfield>
  </datafield>
  <datafield tag="650" ind1=" " ind2="4">
    <subfield code="a">&#xE01;&#xE32;&#xE23;&#xE23;&#xE31;&#xE1A;&#xE23;&#xE39;&#xE49;&#xE17;&#xE32;&#xE07;&#xE2A;&#xE31;&#xE07;&#xE04;&#xE21;</subfield>
    <subfield code="z">&#xE44;&#xE17;&#xE22;</subfield>
    <subfield code="9">46373</subfield>
  </datafield>
  <datafield tag="650" ind1=" " ind2="4">
    <subfield code="a">&#xE01;&#xE32;&#xE23;&#xE23;&#xE31;&#xE1A;&#xE23;&#xE39;&#xE49;&#xE17;&#xE32;&#xE07;&#xE2A;&#xE31;&#xE07;&#xE04;&#xE21;</subfield>
    <subfield code="z">&#xE44;&#xE17;&#xE22;</subfield>
    <subfield code="x">&#xE23;&#xE27;&#xE21;&#xE40;&#xE23;&#xE37;&#xE48;&#xE2D;&#xE07;</subfield>
    <subfield code="9">46375</subfield>
  </datafield>
  <datafield tag="700" ind1="0" ind2=" ">
    <subfield code="a">&#xE27;&#xE23;&#xE40;&#xE17;&#xE1E; &#xE27;&#xE48;&#xE2D;&#xE07;&#xE2A;&#xE23;&#xE23;&#xE1E;&#xE01;&#xE32;&#xE23;</subfield>
    <subfield code="9">65619</subfield>
  </datafield>
  <datafield tag="700" ind1="0" ind2=" ">
    <subfield code="a">&#xE01;&#xE38;&#xE25;&#xE0A;&#xE32;&#xE15;&#xE34; &#xE17;&#xE31;&#xE01;&#xE29;&#xE44;&#xE1E;&#xE1A;&#xE39;&#xE25;&#xE22;&#xE4C;</subfield>
    <subfield code="9">65620</subfield>
  </datafield>
  <datafield tag="700" ind1="0" ind2=" ">
    <subfield code="a">&#xE0A;&#xE38;&#xE15;&#xE34;&#xE21;&#xE32; &#xE1B;&#xE23;&#xE30;&#xE01;&#xE32;&#xE28;&#xE27;&#xE38;&#xE12;&#xE34;&#xE2A;&#xE32;&#xE23;</subfield>
    <subfield code="9">65621</subfield>
  </datafield>
  <datafield tag="700" ind1="0" ind2=" ">
    <subfield code="a">&#xE1A;&#xE31;&#xE13;&#xE11;&#xE34;&#xE15; &#xE08;&#xE31;&#xE19;&#xE17;&#xE23;&#xE4C;&#xE42;&#xE23;&#xE08;&#xE19;&#xE01;&#xE34;&#xE08;</subfield>
    <subfield code="9">31892</subfield>
  </datafield>
  <datafield tag="700" ind1="0" ind2=" ">
    <subfield code="a">&#xE01;&#xE35;&#xE23;&#xE15;&#xE34; &#xE0A;&#xE37;&#xE48;&#xE19;&#xE1E;&#xE34;&#xE17;&#xE22;&#xE32;&#xE18;&#xE23;</subfield>
    <subfield code="9">65622</subfield>
  </datafield>
  <datafield tag="700" ind1="0" ind2=" ">
    <subfield code="a">&#xE01;&#xE21;&#xE25;&#xE27;&#xE23;&#xE23;&#xE13; &#xE0A;&#xE37;&#xE48;&#xE19;&#xE0A;&#xE39;&#xE43;&#xE08;</subfield>
    <subfield code="9">65623</subfield>
  </datafield>
  <datafield tag="850" ind1=" " ind2=" ">
    <subfield code="a">NALT</subfield>
  </datafield>
  <datafield tag="942" ind1=" " ind2=" ">
    <subfield code="c">GB</subfield>
    <subfield code="2">lcc</subfield>
  </datafield>
  <datafield tag="996" ind1=" " ind2=" ">
    <subfield code="a">saiphon.d</subfield>
    <subfield code="b">CATSTF	</subfield>
    <subfield code="c">2025-03-26</subfield>
  </datafield>
  <datafield tag="999" ind1=" " ind2=" ">
    <subfield code="c">97447</subfield>
    <subfield code="d">97447</subfield>
  </datafield>
  <datafield tag="998" ind1=" " ind2=" ">
    <subfield code="j">1020</subfield>
    <subfield code="k"> &#xE19;&#xE32;&#xE07;&#xE08;&#xE33;&#xE40;&#xE23;&#xE35;&#xE22;&#xE07;  &#xE23;&#xE30;&#xE27;&#xE31;&#xE07;&#xE2A;&#xE33;&#xE42;&#xE23;&#xE07;</subfield>
  </datafield>
  <datafield tag="952" ind1=" " ind2=" ">
    <subfield code="0">0</subfield>
    <subfield code="1">0</subfield>
    <subfield code="2">lcc</subfield>
    <subfield code="4">0</subfield>
    <subfield code="7">0</subfield>
    <subfield code="8">CGBL</subfield>
    <subfield code="a">NALT</subfield>
    <subfield code="b">NALT</subfield>
    <subfield code="c">GEN</subfield>
    <subfield code="d">2020-07-22</subfield>
    <subfield code="l">0</subfield>
    <subfield code="o">HM 1041 &#xE0A;892&#xE01; 2562 &#xE25;.1</subfield>
    <subfield code="p">3961211185</subfield>
    <subfield code="r">2020-07-31 00:00:00</subfield>
    <subfield code="t">&#xE09;.1</subfield>
    <subfield code="w">2020-07-22</subfield>
    <subfield code="y">GB</subfield>
  </datafield>
</record>
